000 00772nam a2200241 i 4500
001 4096113
003 ARRUPE
005 20141118143102.0
008 750403s1975 nyu b 001 0 eng
010 _a 74010163
020 _a0836205995 :
_c$6.95
040 _aDLC
_cDLC
_dDLC
050 0 0 _aBX2350.57
_b.F5
082 0 0 _a301.5/8
100 1 _aFichter, Joseph Henry,
_d1908-
_912721
245 1 4 _aThe Catholic cult of the Paraclete /
_cby Joseph H. Fichter ; with a foreword by Donald L. Gelpi.
260 _aNew York :
_bSheed and Ward,
_c[1975]
300 _axv, 183 p. ;
_c21 cm.
504 _aIncludes bibliographical references and index.
650 0 _aPentecostalism.
_92956
906 _a7
_bcbc
_corignew
_d2
_eocip
_f19
_gy-gencatlg
942 _2lcc
_cMONOGRAPH
999 _c121266
_d121266